000 00370pab a2200145 454500
008 180718b2000 xxu||||| |||| 00| 0 eng d
100 _aSomavia, Juan
245 _aBuilding an integrated framework for social development
260 _c2000
300 _ap.6-9
362 _aJun
650 _aEconomic and social development
773 _aDevelopment
909 _a45592
999 _c45592
_d45592